Norwegian football league winners - Statistics

General Stats
  • This quiz has been taken 43 times
  • The average score is 9 of 17
Answer Stats
Hint Answer % Correct
26 Rosenborg
92%
4 Molde
89%
2 Bodø/Glimt
86%
3 Brann
78%
5 Vålerenga
76%
8 Viking
73%
2 Strømsgodset
59%
9 Fredrikstad
57%
5 Lillestrøm
57%
1 Stabæk
54%
2 Start
49%
2 Lyn
46%
1 Moss
38%
1 Skeid
24%
3 Larvik Turn
11%
1 Fram Larvik
8%
1 Freidig
5%
No matching quizzes found
Score Distribution
Percent of People with Each Score
Percentile by Number Answered
Your Score History
You have not taken this quiz